000 00858nam a2200241 a 4500
001 991
003 BR-CuiBMT
005 20231128221337.0
008 231124s2005 mtba 000 0 por d
040 _aBR-CuiBMT
_cBR-CuiBMT
080 _22007
_a35.076
_x(817.2)
090 _a35.076(817.2)
_bA663e
100 1 _aAraújo, Vinícius de Carvalho,
_d1976-
245 1 2 _aO Estado da reforma :
_breflexões sobre a experiência de reforma do Estado em Mato Grosso /
_cVinícius de Carvalho Araújo.
260 _aCuiabá :
_bTanta Tinta,
_c2005.
300 _a213 p. :
_bil. ;
_c22 cm
504 _aInclui bibliografia.
650 _aAdministração pública
_zMato Grosso
650 _aPolíticas públicas
_zMato Grosso
650 _aPolítica de governo
_zMato Grosso
650 _aAdministração estadual
_zMato Grosso
_xReforma administrativa
942 _2udc
_cLV
999 _c991
_d991